[Event "European Youth Chess Championship B12"]
[Site "Prague, Top Hotel Prague"]
[Date "2016.08.24"]
[Round "6.44"]
[White "Hommel, Niclas"]
[Black "Mansoor, Afras"]
[Result "1-0"]
[WhiteElo "1816"]
[BlackElo "1728"]
[PlyCount "107"]
[EventDate "2016.08.18"]

{No moves yet, please connect to the cloud server} 1. e4 c6 2. d4 d5 3. exd5
cxd5 4. Bd3 Nc6 5. c3 g6 6. Nf3 Bf5 7. Bxf5 gxf5 8. Qc2 e6 9. Bf4 Bg7 10. Na3
a6 11. Qe2 Nge7 12. h4 Ng6 13. Bg5 Qc7 14. h5 Nf4 15. Bxf4 Qxf4 16. g3 Qc7 17.
Nc2 O-O-O 18. O-O-O Na5 19. Kb1 Rd6 20. Nd2 Rb6 21. Nb4 Kb8 22. Qd3 Bh6 23. f4
Bf8 24. a3 Nc4 25. Nxc4 dxc4 26. Qe3 a5 27. Nc2 Bd6 28. Qd2 Rg8 29. Rhg1 Rb3
30. Ka2 Rb6 31. Na1 Rc6 32. d5 Ra6 33. dxe6 fxe6 34. Qe1 Rf8 35. Rg2 b5 36. Nc2
Qb7 37. Rgd2 Bc5 38. Qe5+ Qc7 39. Qxc7+ Kxc7 40. Rd7+ Kc6 41. Rxh7 b4 42. Nd4+
Bxd4 43. Rxd4 b3+ 44. Kb1 Rg8 45. Rxc4+ Kb5 46. Rd4 Rxg3 47. Kc1 Rf3 48. Rh8
Rf1+ 49. Rd1 Rxf4 50. h6 Rh4 51. h7 Rb6 52. Rd7 e5 53. Rd5+ Ka4 54. Ra8 1-0

[Event "European Youth Chess Championship B12"]
[Site "Prague, Top Hotel Prague"]
[Date "2016.08.24"]
[Round "6.45"]
[White "Sosovicka, Jakub"]
[Black "Jordanov, Mihail"]
[Result "1-0"]
[WhiteElo "1959"]
[BlackElo "1758"]
[PlyCount "109"]
[EventDate "2016.08.18"]

1. e4 e5 2. Nf3 Nc6 3. Bb5 a6 4. Ba4 Nf6 5. O-O Be7 6. d3 b5 7. Bb3 O-O 8. Re1
d6 9. c3 Na5 10. Bc2 c5 11. Nbd2 Nc6 12. Nf1 Re8 13. Ng3 h6 14. h3 Bf8 15. Nh2
g6 16. f4 exf4 17. Bxf4 d5 18. e5 Nd7 19. d4 cxd4 20. e6 Rxe6 21. Rxe6 fxe6 22.
Ng4 g5 23. Qd3 Qe7 24. Qg6+ Kh8 25. Nxh6 Qg7 26. Nf7+ Kg8 27. Nxg5 Qxg6 28.
Bxg6 dxc3 29. bxc3 e5 30. Bf7+ Kg7 31. Bxd5 Bb7 32. Ne6+ Kf6 33. Nxf8 Nxf8 34.
Be3 Na5 35. Bxb7 Nxb7 36. Rd1 Rc8 37. Kf2 Ke6 38. Ne4 Rc4 39. Kf3 Kf5 40. g4+
Ke6 41. h4 Ng6 42. Ng5+ Kf6 43. h5 Nh4+ 44. Kg3 Ng2 45. Kxg2 Rxg4+ 46. Kf3 Rxg5
47. Bxg5+ Kxg5 48. Ke4 Kxh5 49. Kxe5 Nc5 50. Kd4 Na4 51. Rb1 Kg5 52. c4 bxc4
53. Kxc4 a5 54. Rb5+ Kf6 55. Kb3 1-0

[Event "European Youth Chess Championship B12"]
[Site "Prague, Top Hotel Prague"]
[Date "2016.08.24"]
[Round "6.46"]
[White "Mechlinski, Jakub"]
[Black "Gucaga, Augustas"]
[Result "0-1"]
[WhiteElo "1753"]
[BlackElo "1902"]
[PlyCount "72"]
[EventDate "2016.08.18"]

1. e4 c5 2. Nf3 d6 3. c3 Nf6 4. h3 Nc6 5. Bd3 d5 6. e5 Nd7 7. e6 fxe6 8. Ng5
Nf6 9. Bxh7 Nxh7 10. Qh5+ Kd7 11. Nxh7 Qe8 12. Nf6+ exf6 13. Qxh8 b6 14. O-O
Ba6 15. Re1 Qg6 16. Qh4 Bd3 17. Na3 c4 18. b3 Ne5 19. Rxe5 fxe5 20. bxc4 Be7
21. Qg4 Qxg4 22. hxg4 dxc4 23. Nb1 a6 24. a4 Kc6 25. Ba3 Bg5 26. Bc1 Rh8 27.
Na3 Rh4 28. Ra2 Rxg4 29. f3 Rh4 30. Nc2 Bxc2 31. Rxc2 Bf4 32. Rb2 e4 33. Rb4 b5
34. axb5+ axb5 35. Rb2 Bd6 36. Ra2 Bc5+ 0-1

[Event "European Youth Chess Championship B12"]
[Site "Prague, Top Hotel Prague"]
[Date "2016.08.24"]
[Round "6.47"]
[White "Bin-Suhayl, Ieysaa"]
[Black "Smelykh, Edvin"]
[Result "1-0"]
[WhiteElo "1899"]
[BlackElo "1709"]
[PlyCount "117"]
[EventDate "2016.08.18"]

1. Nf3 d5 2. c4 e6 3. g3 Nf6 4. Bg2 Be7 5. O-O O-O 6. d4 c6 7. Nc3 Nbd7 8. Nd2
b6 9. e4 Bb7 10. Qe2 Rc8 11. Re1 Re8 12. e5 Ne4 13. Ndxe4 dxe4 14. Bxe4 Ba8 15.
Be3 Qc7 16. f4 f6 17. Rf1 Rcd8 18. Rad1 Nf8 19. Qc2 Rc8 20. Qb3 Kh8 21. Rf2
Red8 22. Rc2 Qb8 23. Rcd2 Nd7 24. Bg2 Bb7 25. Bh3 Nf8 26. c5 bxc5 27. dxc5 Rxd2
28. Rxd2 fxe5 29. Bxe6 Re8 30. Bf7 Rd8 31. Rxd8 Bxd8 32. Be8 Qc7 33. Ne4 Bc8
34. Qf7 Be7 35. Bxc6 exf4 36. gxf4 Qxc6 37. Qxe7 Qg6+ 38. Ng5 Qb1+ 39. Kf2
Qxb2+ 40. Kg3 Qf6 41. Qxf6 gxf6 42. Bd4 Kg7 43. Ne4 Ne6 44. Bxf6+ Kf7 45. Nd6+
Kxf6 46. Nxc8 a6 47. c6 Nd8 48. Ne7 Kxe7 49. c7 Kd7 50. cxd8=Q+ Kxd8 51. Kg4
Ke7 52. Kf5 Kf7 53. a4 a5 54. Ke5 Ke7 55. f5 Kf7 56. f6 Kf8 57. Ke6 Ke8 58. f7+
Kf8 59. Kf6 1-0

[Event "European Youth Chess Championship B12"]
[Site "Prague, Top Hotel Prague"]
[Date "2016.08.24"]
[Round "6.48"]
[White "Magold, Victor"]
[Black "Arbuzov, Timofey"]
[Result "1-0"]
[WhiteElo "1708"]
[BlackElo "1870"]
[PlyCount "85"]
[EventDate "2016.08.18"]

1. e4 d6 2. d4 Nf6 3. Nc3 Nbd7 4. Nf3 e5 5. Bc4 Be7 6. O-O O-O 7. dxe5 dxe5 8.
Qe2 c6 9. Rd1 Qc7 10. Bb3 b5 11. a3 a5 12. Bg5 Ba6 13. Qe1 h6 14. Bh4 Bc5 15.
Kh1 Nh5 16. Bg3 Nxg3+ 17. hxg3 Nf6 18. Nh2 Qb6 19. Rd2 Rfd8 20. Rad1 Bd4 21. f3
Bxc3 22. bxc3 a4 23. Ba2 Rxd2 24. Qxd2 Qc5 25. Ra1 Qe7 26. Nf1 Rd8 27. Qe3 Nd7
28. Qa7 Bc8 29. Qc7 Re8 30. Qxc6 Qc5 31. Bd5 Qxc6 32. Bxc6 Re6 33. Bxb5 Nc5 34.
Rd1 Kh7 35. Rd5 Nb7 36. Ne3 f6 37. c4 Nd6 38. Bxa4 Bb7 39. Rd2 Ba6 40. c5 Nb7
41. Rd5 Na5 42. Rd6 Re7 43. Rxa6 1-0

[Event "European Youth Chess Championship B12"]
[Site "Prague, Top Hotel Prague"]
[Date "2016.08.24"]
[Round "6.49"]
[White "Schlegel, Igor"]
[Black "Glozar, Petr"]
[Result "1-0"]
[WhiteElo "1856"]
[BlackElo "1688"]
[PlyCount "115"]
[EventDate "2016.08.18"]

1. e4 c6 2. d4 d5 3. exd5 cxd5 4. c4 e6 5. Nc3 Nf6 6. Nf3 Bb4 7. Bd3 O-O 8. O-O
dxc4 9. Bxc4 Nc6 10. a3 Be7 11. Re1 Qb6 12. Be3 Ng4 13. Bf4 a6 14. Bg5 Bxg5 15.
Nxg5 Nf6 16. d5 exd5 17. Nxd5 Nxd5 18. Qxd5 Nd8 19. Nxf7 Be6 20. Rxe6 Qxe6 21.
Qxe6 Nxe6 22. Bxe6 Rxf7 23. Rc1 Re8 24. Bxf7+ Kxf7 25. Rc7+ Kf8 26. Kf1 Rb8 27.
Ke2 b6 28. Kf3 a5 29. Kf4 b5 30. Rc6 Kf7 31. b3 b4 32. a4 Ra8 33. g4 h6 34. h4
Rd8 35. Ke3 Re8+ 36. Kd3 Re5 37. f4 Re1 38. Rc5 Rb1 39. Kc4 Rc1+ 40. Kd4 Rd1+
41. Ke4 Rb1 42. Rxa5 Rxb3 43. Rb5 Rb1 44. h5 b3 45. Kf5 Ra1 46. Rxb3 Rxa4 47.
Rb7+ Kf8 48. g5 Ra5+ 49. Kg6 hxg5 50. fxg5 Rc5 51. Rb8+ Ke7 52. Rg8 Ra5 53.
Rxg7+ Kf8 54. h6 Ra8 55. Kh7 Ra1 56. g6 Ra2 57. Rf7+ Ke8 58. Kg7 1-0

[Event "European Youth Chess Championship B12"]
[Site "Prague, Top Hotel Prague"]
[Date "2016.08.24"]
[Round "6.50"]
[White "Hofman, Krystof"]
[Black "Krejcok, Tobias"]
[Result "1-0"]
[WhiteElo "1684"]
[BlackElo "1851"]
[PlyCount "89"]
[EventDate "2016.08.18"]

1. d4 Nf6 2. c4 d6 3. Nc3 Nbd7 4. e4 e5 5. d5 g6 6. Bg5 Bg7 7. Be2 O-O 8. h4 h6
9. Be3 Kh8 10. Qd2 Ng8 11. g4 b6 12. Bxh6 Bxh6 13. g5 Kg7 14. gxh6+ Nxh6 15. h5
g5 16. Nf3 f6 17. O-O-O Bb7 18. Rdg1 Kh7 19. Nh4 Rg8 20. Ng6 Nf8 21. Rh2 Qd7
22. Rgh1 Kg7 23. Nd1 a6 24. Ne3 b5 25. Nf5+ Nxf5 26. Bg4 Kh6 27. Nh4 Qe8 28.
Nxf5+ Kh7 29. Ne3 Bc8 30. Qe2 bxc4 31. Qxc4 Bxg4 32. Nxg4 Qe7 33. Qc6 Rb8 34.
Kb1 Rb6 35. Nxf6+ Qxf6 36. Qxc7+ Nd7 37. Qxd7+ Rg7 38. Qg4 Qf8 39. h6 Rf7 40.
Qxg5 Rxb2+ 41. Kxb2 Qb8+ 42. Ka1 Qb4 43. Qe3 Rc7 44. Rg2 Kh8 45. h7 1-0

[Event "European Youth Chess Championship B12"]
[Site "Prague, Top Hotel Prague"]
[Date "2016.08.24"]
[Round "6.51"]
[White "Redzisz, Michal"]
[Black "Nytra, Ondrej"]
[Result "0-1"]
[WhiteElo "1834"]
[BlackElo "1708"]
[PlyCount "92"]
[EventDate "2016.08.18"]

{No moves yet, please connect to the cloud server} 1. e4 e5 2. Nf3 d6 3. d4 Nd7
4. Bc4 c6 5. O-O Be7 6. Nc3 Ngf6 7. Be3 O-O 8. a4 b6 9. d5 Bb7 10. a5 cxd5 11.
exd5 bxa5 12. Qd2 Nb6 13. Bb3 a4 14. Bxb6 axb6 15. Bxa4 e4 16. Nd4 Nxd5 17.
Nxe4 Qc8 18. Bb3 Qg4 19. f3 Qg6 20. Rxa8 Rxa8 21. Nb5 Nf6 22. Nexd6 Rd8 23. Qf4
Nd5 24. Bxd5 Bxd5 25. Nf5 Bc5+ 26. Kh1 Qf6 27. Nc3 Be6 28. g4 Bd6 29. Qe4 Bb8
30. Ng3 Rd2 31. Qe1 Rxc2 32. Nge2 Rxb2 33. Ne4 Qe5 34. N2g3 h6 35. Rf2 b5 36.
Rxb2 Qxb2 37. Qd1 Bc7 38. Qd3 Bc4 39. Qd7 Bxg3 40. Nxg3 Qf2 41. Qe8+ Kh7 42.
Qe4+ g6 43. h4 Qxg3 44. h5 Qh3+ 45. Kg1 Qf1+ 46. Kh2 Qe2+ 0-1

[Event "European Youth Chess Championship B12"]
[Site "Prague, Top Hotel Prague"]
[Date "2016.08.24"]
[Round "6.52"]
[White "Jun, Rudolf Jr"]
[Black "Bonciu, David"]
[Result "1-0"]
[WhiteElo "1621"]
[BlackElo "1820"]
[PlyCount "65"]
[EventDate "2016.08.18"]

1. e4 c5 2. Nf3 Nc6 3. c4 e6 4. Nc3 Nf6 5. d4 cxd4 6. Nxd4 Bb4 7. Bg5 Bxc3+ 8.
bxc3 Qa5 9. Nxc6 Qxg5 10. Nb4 Nxe4 11. Qd3 Nc5 12. Qf3 O-O 13. Be2 Rb8 14. O-O
b6 15. Qh3 Bb7 16. f4 Qf6 17. Bf3 Ne4 18. Bxe4 Bxe4 19. Rae1 Bc6 20. g4 b5 21.
cxb5 Bxb5 22. Rf3 Bc6 23. Nxc6 dxc6 24. Qg3 Rfd8 25. f5 exf5 26. Rxf5 Qd6 27.
Re8+ Rxe8 28. Qxd6 Rb1+ 29. Kg2 Rb2+ 30. Rf2 Rxf2+ 31. Kxf2 h6 32. Qxc6 Rd8 33.
Ke2 1-0

[Event "European Youth Chess Championship B12"]
[Site "Prague, Top Hotel Prague"]
[Date "2016.08.24"]
[Round "6.53"]
[White "Neumann, Filip"]
[Black "Wolaniecki, Patryk"]
[Result "1-0"]
[WhiteElo "1812"]
[BlackElo "1669"]
[PlyCount "57"]
[EventDate "2016.08.18"]

1. e4 c5 2. Nf3 Nc6 3. d4 cxd4 4. Nxd4 Nf6 5. Nc3 e6 6. Ndb5 Bb4 7. a3 Bxc3+ 8.
Nxc3 O-O 9. Bg5 h6 10. Bh4 g5 11. Bg3 d5 12. exd5 exd5 13. Bd3 Re8+ 14. Ne2 Ne4
15. O-O f5 16. f3 Nxg3 17. Nxg3 f4 18. Nh5 Qb6+ 19. Kh1 Qxb2 20. Bg6 Rd8 21.
Re1 Ne5 22. Rb1 Qc3 23. Rb3 Qc7 24. Nf6+ Kg7 25. Ne8+ Rxe8 26. Bxe8 Bf5 27.
Qxd5 Kf6 28. Rxb7 Qxb7 29. Qxe5# 1-0

[Event "European Youth Chess Championship B12"]
[Site "Prague, Top Hotel Prague"]
[Date "2016.08.24"]
[Round "6.54"]
[White "Vainerchuk, Barys"]
[Black "Mica, Marek"]
[Result "1-0"]
[WhiteElo "1592"]
[BlackElo "1795"]
[PlyCount "79"]
[EventDate "2016.08.18"]

1. e4 c5 2. Nf3 Nc6 3. d4 cxd4 4. Nxd4 g6 5. Nc3 Bg7 6. Be3 Nf6 7. Bc4 O-O 8.
Bb3 d6 9. f3 Bd7 10. Qd2 Rc8 11. O-O-O Ne5 12. Kb1 Nc4 13. Bxc4 Rxc4 14. g4 a6
15. h4 b5 16. h5 b4 17. Nd5 Nxd5 18. exd5 Bf6 19. Qh2 g5 20. b3 Rc3 21. Qd2 h6
22. f4 e5 23. dxe6 fxe6 24. Ne2 Bc6 25. Rh2 Bf3 26. fxg5 Be5 27. Rf2 Bxe2 28.
Rxf8+ Kxf8 29. Qxe2 hxg5 30. Bd2 Qc8 31. Qe4 Rc7 32. Bxb4 Rd7 33. Qxe5 a5 34.
Qh8+ Ke7 35. Qxc8 axb4 36. h6 Rd8 37. Qxd8+ Kxd8 38. h7 e5 39. h8=Q+ Ke7 40.
Qg7+ 1-0

[Event "European Youth Chess Championship B12"]
[Site "Prague, Top Hotel Prague"]
[Date "2016.08.24"]
[Round "6.55"]
[White "Misiuk, Ernest"]
[Black "Barak, David"]
[Result "1-0"]
[WhiteElo "1783"]
[BlackElo "1627"]
[PlyCount "81"]
[EventDate "2016.08.18"]

{No moves yet, please connect to the cloud server} 1. Nf3 d5 2. g3 Nf6 3. Bg2
e6 4. O-O Be7 5. d3 b6 6. Nbd2 Bb7 7. Re1 O-O 8. e4 dxe4 9. dxe4 c5 10. Qe2 Qc7
11. Rd1 Rd8 12. b3 Ba6 13. c4 Nc6 14. Bb2 e5 15. Ne1 Nd7 16. Nd3 Nf8 17. f4 f6
18. Bh3 Bc8 19. Bxc8 Raxc8 20. f5 Nb4 21. Nf1 Nxd3 22. Rxd3 Rxd3 23. Qxd3 Rd8
24. Qc2 Nd7 25. Ne3 Nb8 26. Nd5 Qb7 27. Qg2 Nc6 28. h4 Nd4 29. g4 h6 30. Kh1
Kf7 31. Rc1 Rg8 32. Rc3 Bd8 33. Rg3 Qd7 34. Bc1 Qe8 35. g5 hxg5 36. hxg5 Qf8
37. gxf6 gxf6 38. Rg6 Rh8+ 39. Kg1 Rh7 40. Rxf6+ Bxf6 41. Qg6# 1-0

[Event "European Youth Chess Championship B12"]
[Site "Prague, Top Hotel Prague"]
[Date "2016.08.24"]
[Round "6.57"]
[White "Rosol, Alexander"]
[Black "Devyaterikov, Ivan"]
[Result "1-0"]
[WhiteElo "1779"]
[BlackElo "1536"]
[PlyCount "91"]
[EventDate "2016.08.18"]

1. e4 c6 2. d4 d5 3. Nd2 dxe4 4. Nxe4 Nd7 5. Ng5 Ngf6 6. Bd3 e6 7. N1f3 Bd6 8.
Qe2 h6 9. Ne4 Nxe4 10. Bxe4 Nf6 11. Bd3 c5 12. g4 cxd4 13. Bd2 Qb6 14. O-O-O
Bd7 15. g5 hxg5 16. Nxg5 Nd5 17. Qf3 Nf6 18. Rhe1 Bc6 19. Qe2 Bd5 20. Kb1 Ba3
21. Bc1 a6 22. f4 Bb4 23. Bd2 Bc3 24. b3 Qa5 25. f5 Qa3 26. Bc1 Qe7 27. fxe6
Bxe1 28. exf7+ Kf8 29. Qxe7+ Kxe7 30. Rxe1+ Kd7 31. Ba3 Rad8 32. Bf5+ Kc6 33.
Be6 b5 34. Bxd5+ Kxd5 35. Ne6 Rc8 36. f8=Q Rcxf8 37. Nxf8 Rxh2 38. Ng6 Ne4 39.
Nf4+ Ke5 40. Nd3+ Kf5 41. Rf1+ Kg5 42. Bc1+ Kh5 43. Nf4+ Kh4 44. Ng6+ Kh5 45.
Ne5 g5 46. Rf8 1-0

[Event "European Youth Chess Championship B12"]
[Site "Prague, Top Hotel Prague"]
[Date "2016.08.24"]
[Round "6.58"]
[White "Motiu, Victor"]
[Black "Wartiovaara, Oliver"]
[Result "1-0"]
[WhiteElo "1774"]
[BlackElo "1514"]
[PlyCount "55"]
[EventDate "2016.08.18"]

1. c4 e6 2. g3 Nf6 3. Bg2 d5 4. d3 c6 5. Nf3 Bd6 6. O-O O-O 7. b3 a5 8. Bb2 a4
9. Nbd2 Nbd7 10. d4 Qa5 11. Qc2 Re8 12. Ne5 Bb4 13. Rad1 c5 14. Ndf3 cxd4 15.
Bxd4 dxc4 16. Nxc4 axb3 17. axb3 Qa2 18. Bb2 Qa7 19. Ra1 Qb8 20. Nfe5 Rxa1 21.
Rxa1 b5 22. Nc6 Qc7 23. Ra7 Bb7 24. Nxb4 bxc4 25. Rxb7 Qa5 26. Qxc4 Nb6 27. Qd3
Rc8 28. Rxb6 1-0

[Event "European Youth Chess Championship B12"]
[Site "Prague, Top Hotel Prague"]
[Date "2016.08.24"]
[Round "6.59"]
[White "Stremavicius, Pijus"]
[Black "Gogna, Aman"]
[Result "1-0"]
[WhiteElo "1771"]
[BlackElo "1412"]
[PlyCount "63"]
[EventDate "2016.08.18"]

1. d4 Nf6 2. Nf3 g6 3. Bg5 Bg7 4. Nbd2 d5 5. e3 O-O 6. c3 Nbd7 7. b4 b6 8. Be2
Bb7 9. O-O Ne4 10. Nxe4 dxe4 11. Nd2 c5 12. bxc5 bxc5 13. Rb1 Rb8 14. Qa4 a5
15. Nc4 cxd4 16. cxd4 f6 17. Bf4 e5 18. dxe5 Nxe5 19. Nxe5 fxe5 20. Bg3 Qc7 21.
Rfc1 Qd8 22. Bg4 h5 23. Be6+ Kh8 24. h4 Qe8 25. Qxe8 Rfxe8 26. Bf7 Rf8 27. Bxg6
Bd5 28. Rxb8 Rxb8 29. Rc5 Bxa2 30. Rxa5 Bc4 31. Bxe5 Bd3 32. Bxb8 1-0

[Event "European Youth Chess Championship B12"]
[Site "Prague, Top Hotel Prague"]
[Date "2016.08.24"]
[Round "6.60"]
[White "Vojta, Jakub"]
[Black "Kien, Clovis"]
[Result "1-0"]
[WhiteElo "1771"]
[BlackElo "1336"]
[PlyCount "41"]
[EventDate "2016.08.18"]

1. e4 Nf6 2. e5 Nd5 3. d4 d6 4. Nf3 Bg4 5. Be2 e6 6. O-O Be7 7. c4 Nb6 8. exd6
cxd6 9. Nc3 O-O 10. Be3 Nc6 11. b3 Qd7 12. Qd2 Rfd8 13. Rfc1 Rac8 14. a4 a5 15.
d5 Nxc4 16. dxc6 Nxd2 17. cxd7 Nxf3+ 18. gxf3 Rxd7 19. fxg4 Bf6 20. Ne4 Rxc1+
21. Rxc1 1-0

[Event "European Youth Chess Championship B12"]
[Site "Prague, Top Hotel Prague"]
[Date "2016.08.24"]
[Round "6.62"]
[White "Hadjinicolaou, Andreas"]
[Black "Torngren, Gustav"]
[Result "1/2-1/2"]
[WhiteElo "1488"]
[BlackElo "1764"]
[PlyCount "77"]
[EventDate "2016.08.18"]

1. d4 Nf6 2. Nf3 e6 3. e3 b6 4. Bd3 Bb7 5. Nbd2 Be7 6. b3 O-O 7. Bb2 c5 8. O-O
d6 9. c4 Nbd7 10. Rc1 Qc7 11. Re1 Rad8 12. a3 Qb8 13. b4 Rfe8 14. b5 Bf8 15.
Qc2 g6 16. a4 Bg7 17. Bc3 Qc7 18. Ra1 e5 19. d5 Rf8 20. a5 Nh5 21. g3 f5 22. e4
fxe4 23. Bxe4 Ndf6 24. Bd3 Rde8 25. axb6 axb6 26. Ra7 Bh6 27. Bxg6 hxg6 28.
Qxg6+ Bg7 29. Ng5 Qb8 30. Rea1 Re7 31. Nde4 Rfe8 32. g4 Nxe4 33. Nxe4 Nf4 34.
Nf6+ Kf8 35. Nh7+ Kg8 36. Nf6+ Kf8 37. Nh7+ Kg8 38. Nf6+ Kf8 39. Nh7+ 1/2-1/2

[Event "European Youth Chess Championship B12"]
[Site "Prague, Top Hotel Prague"]
[Date "2016.08.24"]
[Round "6.63"]
[White "Kran, Ole-Christian Bakken"]
[Black "Hajpek, Erik"]
[Result "1/2-1/2"]
[WhiteElo "1571"]
[BlackElo "1701"]
[PlyCount "52"]
[EventDate "2016.08.18"]

1. e4 e5 2. Nf3 Nc6 3. Bb5 Bc5 4. Bxc6 dxc6 5. d3 f6 6. Nbd2 Ne7 7. Nc4 Ng6 8.
Be3 Be7 9. Bd2 Be6 10. Ne3 Qd7 11. a4 a5 12. O-O O-O 13. h4 Bd6 14. h5 Ne7 15.
Bc3 c5 16. b3 Nc6 17. Nh4 Nd4 18. Bxd4 cxd4 19. Nef5 Bxf5 20. Nxf5 Kh8 21. Qg4
Rg8 22. Nh6 f5 23. Qxf5 Qxf5 24. Nxf5 g6 25. Nxd6 cxd6 26. hxg6 hxg6 1/2-1/2

[Event "European Youth Chess Championship B12"]
[Site "Prague, Top Hotel Prague"]
[Date "2016.08.24"]
[Round "6.64"]
[White "Stepanencu, Nicodim-Cosmin"]
[Black "Hersel, Rudolf"]
[Result "1/2-1/2"]
[WhiteElo "1551"]
[BlackElo "1685"]
[PlyCount "48"]
[EventDate "2016.08.18"]

1. e4 e5 2. Nf3 Nc6 3. Bc4 Bc5 4. d3 Nf6 5. Be3 Bxe3 6. fxe3 d6 7. Nbd2 Bd7 8.
Qe2 Na5 9. Bb3 Nxb3 10. Nxb3 a6 11. h3 h6 12. Qf2 Qe7 13. O-O-O O-O-O 14. Rdf1
Be6 15. Nh4 Rhg8 16. g4 Qd7 17. Nf5 Rde8 18. Qg2 Qc6 19. Nxg7 Rxg7 20. Rxf6 h5
21. g5 h4 22. g6 Reg8 23. Qg5 Rxg6 24. Qxh4 Rg1+ 1/2-1/2

[Event "European Youth Chess Championship B12"]
[Site "Prague, Top Hotel Prague"]
[Date "2016.08.24"]
[Round "6.67"]
[White "Stagno, Matteo"]
[Black "De, Cocq Ramin"]
[Result "1/2-1/2"]
[WhiteElo "1142"]
[BlackElo "1588"]
[PlyCount "76"]
[EventDate "2016.08.18"]

1. d4 Nf6 2. Nf3 g6 3. Nc3 Bg7 4. e4 d6 5. Bc4 O-O 6. O-O Nbd7 7. Bf4 b6 8. Re1
Bb7 9. Qd2 c5 10. d5 Re8 11. Bh6 Bh8 12. e5 Nxe5 13. Nxe5 dxe5 14. Rxe5 Nxd5
15. Rxd5 Bxd5 16. Bxd5 e6 17. Bxa8 Qxd2 18. Bxd2 Rxa8 19. Kf1 f5 20. Re1 Kf7
21. b3 g5 22. Nb5 Rd8 23. Bxg5 Rd7 24. Ke2 a6 25. Na3 b5 26. Kf3 Bc3 27. Re2
Rd1 28. Be3 Bb4 29. Nxb5 axb5 30. c3 Bxc3 31. Bxc5 e5 32. Ba3 Rb1 33. Bb2 b4
34. Bc1 Kf6 35. a3 bxa3 36. Bxa3 Rxb3 37. Bc5 e4+ 38. Ke3 Be5+ 1/2-1/2

[Event "European Youth Chess Championship B12"]
[Site "Prague, Top Hotel Prague"]
[Date "2016.08.24"]
[Round "6.69"]
[White "Sarighioleanu, Sebastian-Laure"]
[Black "Winkin, Jos"]
[Result "1-0"]
[WhiteElo "1572"]
[BlackElo "1247"]
[PlyCount "65"]
[EventDate "2016.08.18"]

1. d4 Nf6 2. c4 e6 3. Nc3 d5 4. e3 Be7 5. Nf3 O-O 6. Bd3 b6 7. cxd5 exd5 8. h3
Bb7 9. O-O Nc6 10. a3 Re8 11. Qc2 Bd6 12. b4 Ne4 13. Nxe4 dxe4 14. Bxe4 Nxb4
15. Bxh7+ Kh8 16. axb4 g6 17. Bxg6 fxg6 18. Ne5 Bxe5 19. dxe5 Qg5 20. f3 Rf8
21. e4 Qg3 22. Bb2 Rfe8 23. Qxc7 Kg8 24. Qxb7 Reb8 25. Qd5+ Kf8 26. Qd6+ Ke8
27. Qe6+ Kf8 28. Qf6+ Ke8 29. Qc6+ Kf8 30. Qd6+ Kg8 31. Rxa7 Kh8 32. Qf6+ Kg8
33. Qg7# 1-0

[Event "European Youth Chess Championship B12"]
[Site "Prague, Top Hotel Prague"]
[Date "2016.08.24"]
[Round "6.70"]
[White "Dudek, Vojtech"]
[Black "Hosnedl, Matyas"]
[Result "1/2-1/2"]
[WhiteElo "1529"]
[BlackElo "1652"]
[PlyCount "84"]
[EventDate "2016.08.18"]

1. e4 e5 2. Nf3 Nc6 3. d4 exd4 4. Bc4 Nf6 5. e5 d5 6. Bb5 Ne4 7. Nxd4 Bd7 8.
Bxc6 Bxc6 9. Nxc6 bxc6 10. O-O Bc5 11. b3 O-O 12. Bb2 Re8 13. Nd2 Qh4 14. Nxe4
Qxe4 15. Qd3 Qxd3 16. cxd3 Bb6 17. Rfe1 Re6 18. Kf1 Rae8 19. f4 d4 20. Rac1 g5
21. g3 gxf4 22. gxf4 f6 23. exf6 Rxe1+ 24. Rxe1 Rxe1+ 25. Kxe1 Kf7 26. Kf2 Kxf6
27. Kf3 Kf5 28. Ba3 c5 29. Bc1 Ba5 30. Ba3 Bb6 31. Bc1 a6 32. Bd2 c6 33. h3 Bc7
34. Kg3 h6 35. Kf3 Bd6 36. Kg3 Bc7 37. Kf3 Bd8 38. Kg3 Be7 39. Kf3 Bh4 40. Ba5
Be7 41. Bc7 Bf8 42. Be5 Be7 1/2-1/2

[Event "European Youth Chess Championship B12"]
[Site "Prague, Top Hotel Prague"]
[Date "2016.08.24"]
[Round "6.71"]
[White "Petrek, David"]
[Black "Hrbek, Tomas"]
[Result "0-1"]
[WhiteElo "1463"]
[BlackElo "1633"]
[PlyCount "48"]
[EventDate "2016.08.18"]

1. e4 e5 2. Bc4 Nf6 3. d3 Bc5 4. Nf3 d6 5. O-O Nc6 6. c3 Bg4 7. Nbd2 Qd7 8. a4
a6 9. Re1 O-O 10. Bb3 b5 11. Nf1 b4 12. h3 Bh5 13. Ng3 Bg6 14. d4 exd4 15. cxd4
Ba7 16. Bf4 Rae8 17. e5 Nh5 18. Nxh5 Bxh5 19. exd6 Nxd4 20. Rxe8 Nxf3+ 21. gxf3
Rxe8 22. dxc7 Qxh3 23. Bd5 g5 24. Bg3 Qxg3+ 0-1

[Event "European Youth Chess Championship B12"]
[Site "Prague, Top Hotel Prague"]
[Date "2016.08.24"]
[Round "6.72"]
[White "Dwyer, Daniel"]
[Black "Aslanov, Samad"]
[Result "1/2-1/2"]
[WhiteElo "1629"]
[BlackElo "1529"]
[PlyCount "60"]
[EventDate "2016.08.18"]

1. e4 c5 2. Nf3 d6 3. d4 cxd4 4. Nxd4 Nf6 5. Nc3 a6 6. Be3 e6 7. Be2 Be7 8. a4
O-O 9. a5 Qc7 10. O-O Bd7 11. Nb3 Bc6 12. Bd3 Nbd7 13. f4 b6 14. axb6 Nxb6 15.
Qe2 Bb7 16. Na5 Bc6 17. Nxc6 Qxc6 18. Bxa6 Nbd7 19. Bb5 Qc7 20. Bxd7 Nxd7 21.
Qd3 Nc5 22. Bxc5 Qxc5+ 23. Kh1 Rfb8 24. Rfb1 Rxa1 25. Rxa1 Rxb2 26. Na4 Qa5 27.
Nxb2 Qxa1+ 28. Nd1 Qa5 29. Qc3 Qa6 30. Qd3 Qa5 1/2-1/2

[Event "European Youth Chess Championship B12"]
[Site "Prague, Top Hotel Prague"]
[Date "2016.08.24"]
[Round "6.73"]
[White "Stastny, Jakub"]
[Black "Cuttoli, Alexandre"]
[Result "1-0"]
[WhiteElo "1376"]
[BlackElo "1618"]
[PlyCount "51"]
[EventDate "2016.08.18"]

1. d4 Nf6 2. c4 c5 3. Nf3 g6 4. Nc3 cxd4 5. Nxd4 Nc6 6. e3 Bg7 7. g3 Nxd4 8.
exd4 d5 9. cxd5 Nxd5 10. Bg2 Nf6 11. Bf4 O-O 12. O-O Bg4 13. Qa4 Qb6 14. Rfc1
Bd7 15. Qa3 Rfe8 16. Re1 Kf8 17. h3 Rad8 18. Be3 a6 19. Rac1 Rc8 20. d5 Qd8 21.
d6 e5 22. Bxb7 Rb8 23. Qxa6 Rxb7 24. Qxb7 Re6 25. Nb5 Bxb5 26. Rc8 1-0

[Event "European Youth Chess Championship B12"]
[Site "Prague, Top Hotel Prague"]
[Date "2016.08.24"]
[Round "6.74"]
[White "Nesse, David"]
[Black "Slivka, David"]
[Result "0-1"]
[WhiteElo "1602"]
[BlackElo "1524"]
[PlyCount "52"]
[EventDate "2016.08.18"]

1. e4 c5 2. Nc3 Nc6 3. Bb5 g6 4. Bxc6 bxc6 5. f4 Bg7 6. d3 d6 7. Nf3 Ba6 8. O-O
Nf6 9. Qe1 O-O 10. Qh4 e6 11. f5 exf5 12. exf5 Rb8 13. Rb1 c4 14. dxc4 d5 15.
Ne5 Ne4 16. Qxd8 Rfxd8 17. Nxe4 Bxe5 18. Nd2 dxc4 19. Nf3 Bg7 20. Ng5 Bd4+ 21.
Kh1 c3 22. Rd1 Be2 23. Bf4 Bxd1 24. Bxb8 Bxc2 25. Bc7 Rd7 26. Rc1 cxb2 0-1

[Event "European Youth Chess Championship B12"]
[Site "Prague, Top Hotel Prague"]
[Date "2016.08.24"]
[Round "6.75"]
[White "Keprt, Tomas"]
[Black "Jaques, Hannibal Valeur"]
[Result "0-1"]
[WhiteElo "1567"]
[BlackElo "1518"]
[PlyCount "88"]
[EventDate "2016.08.18"]

1. e4 e5 2. Nf3 Nc6 3. d4 exd4 4. Nxd4 Bc5 5. Be3 Qf6 6. c3 Nge7 7. Bc4 O-O 8.
O-O b6 9. Nc2 Qd6 10. Nd2 Bb7 11. Nb3 Qxd1 12. Raxd1 Rad8 13. Bxc5 bxc5 14.
Nxc5 Na5 15. Nxb7 Nxb7 16. Rd2 Nd6 17. Bb3 Nc6 18. f3 Rde8 19. Nd4 Na5 20. Rfd1
Ndc4 21. Bxc4 Nxc4 22. Re2 Rb8 23. b3 Na3 24. Nf5 Rfd8 25. Red2 Nb5 26. c4 g6
27. Ne7+ Kf8 28. Nxg6+ hxg6 29. cxb5 Ke7 30. a4 Rb6 31. Rd3 Rbb8 32. Rc3 Rb7
33. Kf2 Ke6 34. Ke3 Ke7 35. Kf4 Ke6 36. h4 Ke7 37. g4 Rh8 38. Rh1 f6 39. h5 g5+
40. Kf5 Kf7 41. Rd3 c6 42. bxc6 dxc6 43. Rhd1 Re8 44. Rd6 Re5# 0-1